00681nam a2200205Ia 450000500170000000800410001702000180005804000180007604100080009408200200010210000220012224500960014425000120024026000690025230000310032165000280035265000350038065000190041565000410043420241021114159.0210716s2010 xx 000 0 und d a9780070706552 cAIMIT LIBRARY aeng a511.2 24bBUDF aBudnick, Frank S. aApplied mathematics for business, economics, and the social sciences /cBy Frank S Budnick. a4th ed. aNew Delhi :bTata McGraw Hill Education Private Limited ,c2010. aX,991,I-5p. ;bPBc24.8 cm aEquations and functions aLinear functions: applications aMatrix algebra aTransportation and assignment models